书目信息 |
| 题名: |
汽车选购技巧一点通
|
|
| 作者: | 汪立亮 , 程国元 主编 | |
| 分册: | ||
| 出版信息: | 北京 国防工业出版社 2006 |
|
| 页数: | 235页 | |
| 开本: | 23cm | |
| 丛书名: | 汽车一点通系列丛书 | |
| 单 册: | ||
| 中图分类: | F766 | |
| 科图分类: | ||
| 主题词: | 汽车--选购--基本知识 , 选购 , 汽车 | |
| 电子资源: | ||
| ISBN: | 7-118-04402-4 | |
| 000 | 00868oam2 2200277 450 | |
| 001 | 003161606 | |
| 005 | 20070806174210.07 | |
| 010 | @a7-118-04402-4@dCNY28.00 | |
| 100 | @a20060529d2006 em y0chiy0110 ea | |
| 101 | 0 | @achi |
| 102 | @aCN@b110000 | |
| 105 | @ay z 000yy | |
| 200 | 1 | @a汽车选购技巧一点通@9qi che xuan gou ji qiao yi dian tong@f汪立亮,程国元主编 |
| 210 | @a北京@c国防工业出版社@d2006 | |
| 215 | @a235页@d23cm | |
| 225 | 2 | @a汽车一点通系列丛书 |
| 330 | @a本书简明扼要地介绍了汽车选购的相关知识,主要包括汽车的基础知识、新车及二手车的选购技巧、汽车信贷等内容。 | |
| 461 | 0 | @12001 @a汽车一点通系列丛书 |
| 606 | 0 | @a汽车@x选购@x基本知识 |
| 606 | 0 | @a选购 |
| 606 | 0 | @a汽车 |
| 690 | @aF766@v4 | |
| 701 | 0 | @a汪立亮@9wang li liang@4主编 |
| 701 | 0 | @a程国元@9cheng guo yuan@4主编 |
| 801 | 0 | @aCN@bNLC@c20070806 |
| 905 | @a10447@dF766@e29 | |
| 汽车选购技巧一点通/汪立亮,程国元主编.-北京:国防工业出版社,2006 |
| 235页;23cm.-(汽车一点通系列丛书) |
| ISBN 7-118-04402-4:CNY28.00 |
| 本书简明扼要地介绍了汽车选购的相关知识,主要包括汽车的基础知识、新车及二手车的选购技巧、汽车信贷等内容。 |
| ● |
| 相关链接 |
|
|
|
|
正题名:汽车选购技巧一点通
索取号:F766/29
 
预约/预借
| 序号 | 登录号 | 条形码 | 馆藏地/架位号 | 状态 | 备注 |
| 1 | 0804811 | 208048110 | 第一样本阅览室/ [索取号:F766/29] | 在馆 | |
| 2 | 0804812 | 208048129 | 密集书库/ [索取号:F766/29] | 在馆 | |
| 3 | 0804813 | 208048138 | 第一借阅区/ [索取号:F766/29] | 在馆 | |
| 4 | 0804814 | 208048147 | 密集书库/ [索取号:F766/29] | 在馆 | |
| 5 | 0804815 | 208048156 | 第一借阅区/ [索取号:F766/29] | 在馆 | |
| 6 | 0804816 | 208048165 | 密集书库/ [索取号:F766/29] | 在馆 | |
| 7 | 0804817 | 208048174 | 第一借阅区/ [索取号:F766/29] | 在馆 | |
| 8 | 0804818 | 208048183 | 第一借阅区/ [索取号:F766/29] | 在馆 | |
| 9 | 0804819 | 208048192 | 第一借阅区/ [索取号:F766/29] | 在馆 | |
| 10 | 0804820 | 208048209 | 密集书库/ [索取号:F766/29] | 在馆 |